000 01035nam a2200313 4500
001 372
003 OSt
005 20250528074019.0
008 250403b |||||||e |||| 00| 1 eng d
020 _a9788501038319
040 _bpor
041 _heng
_apor
082 _a823
_bF735m
100 1 _aForsyth, Frederick,
_d1938-
_9458
240 _aThe deceiver
245 _aO manipulador /
_cForsyth, Frederick ; Traduçãoi de A. B. Pinheiro de Lemos
260 _aRio de Janeiro
_bRecord
_c1991
300 _a526 p.
520 _aEm quatro episódios de tirar o folêgo, o superagente britânico Sam McCready, mais conhecido como o manipulador, enfrenta o rancor de poderosos que se deram mal com o fim da Guerra Fria.
650 0 _aLiteratura Inglesa
_989
650 0 _aPsicológico
_985
650 0 _aRomance Policial
_911
650 0 _aCrime e Investigação
_913
650 0 _aSuspense
_910
655 0 _aRomance
_923
655 0 _aFicção
_922
700 _aA. B. Pinheiro de Lemos
_eTradutor
_9109
942 _2ddc
_n0
_cBK
999 _c372
_d372